header

Guarding the frontier (Record no. 114482)

MARC details
000 -LEADER
fixed length control field 01266nam a2200325Ia 4500
082 04 - DEWEY DECIMAL CLASSIFICATION NUMBER
Classification number 623.1956109032
100 1# - MAIN ENTRY--AUTHOR NAME
Personal name Stein, Mark L.
245 10 - TITLE STATEMENT
Title Guarding the frontier
260 ## - PUBLICATION, DISTRIBUTION, ETC. (IMPRINT)
Place of publication London :
Name of publisher Tauris Academic Studies,
Year of publication 2007.
300 ## - PHYSICAL DESCRIPTION
Number of Pages 222 p. :
Other physical details map.
650 #0 - SUBJECT ADDED ENTRY--TOPICAL TERM
Topical Term Fortification
Topical Term Garrisons
Topical Term Soldiers
856 40 - ELECTRONIC LOCATION AND ACCESS
Uniform Resource Identifier http://site.ebrary.com/lib/rucke/Doc?id=10194032

No items available.

© 2026 Rongo University
Contact us: librarian | system librarian | Rongo university